Applied general statistics (Record no. 20879)

MARC details
000 -LEADER
fixed length control field 00321nam a2200133Ia 4500
082 ## - DEWEY DECIMAL CLASSIFICATION NUMBER
Classification number 031
Item number CRO
100 ## - MAIN ENTRY--AUTHOR NAME
Personal name Cowden, D J
245 #0 - TITLE STATEMENT
Title Applied general statistics
250 ## - EDITION STATEMENT
Edition statement Ed.2
260 ## - PUBLICATION, DISTRIBUTION, ETC. (IMPRINT)
Place of publication New Delhi
Name of publisher Prentice Hall
Year of publication 1966
700 ## - ADDED ENTRY--PERSONAL NAME
Personal name Croxton, F E
942 ## - ADDED ENTRY ELEMENTS (KOHA)
Koha item type Books
Holdings
Withdrawn status Lost status Damaged status Not for loan Home library Current library Date acquired Cost, normal purchase price Full call number Accession Number Koha item type
        RRII Library RRII Library 16/12/2021 15.00 031 CRO 01601 Books